|
|
|
|
| LEADER |
00000nab a2200000 ar4500 |
| 001 |
vtls010079630 |
| 003 |
SK-MaSNL |
| 005 |
20260304031728.0 |
| 008 |
100325c2008 xo |r|||||||||000 b|ger |
| 015 |
|
|
|a SNBRA2010/03
|2 snkbucl
|
| 038 |
|
|
|a SNKBUCL
|
| 040 |
|
|
|a SNKBUCL
|b slo
|c SNKBUCL
|e AACR2
|
| 041 |
0 |
|
|a ger
|
| 044 |
|
|
|a xo
|c SK
|
| 080 |
|
|
|a 81`24
|2 2001
|
| 080 |
|
|
|a 371.31:811.112.2
|2 2001
|
| 080 |
|
|
|a 811.112.2`24
|2 2001
|
| 100 |
1 |
|
|a Prachařová, Jitka
|4 aut
|9 1311743
|
| 245 |
1 |
4 |
|a Die neue Konzeption des fachbezogenen erweiterten Deutchunterrichts im Hinblick auf UNIcert = New concept of German extended language studies in terms of UNIcert
|c Jitka Prachařová
|
| 246 |
3 |
1 |
|a New concept of German extended language studies in terms of UNIcert
|
| 504 |
|
|
|a Literatúra
|
| 546 |
|
|
|a Abstrakt angl., nem.
|
| 546 |
|
|
|a Súbežný názov v angličtine
|
| 610 |
2 |
7 |
|a UNIcert (program)
|2 snkbucl
|9 433630
|
| 650 |
0 |
7 |
|a cudzie jazyky
|2 snkbucl
|9 69722
|
| 650 |
0 |
7 |
|a didaktika
|2 snkbucl
|9 3484
|
| 650 |
0 |
7 |
|a vyučovanie jazykov
|2 snkbucl
|9 31418
|
| 650 |
0 |
7 |
|a počúvanie s porozumením
|2 snkbucl
|9 111628
|
| 650 |
0 |
7 |
|a nemčina
|2 snkbucl
|9 1384
|
| 650 |
0 |
7 |
|a čítanie s porozumením
|2 snkbucl
|9 74316
|
| 655 |
|
7 |
|a štúdie
|2 snkbucl
|9 57033
|
| 773 |
0 |
|
|t Cudzie jazyky v kontexte odbornej komunikácie : zborník vedeckých prác
|d Trenčín : Trenčianska univerzita Alexandra Dubčeka, 2008
|g S. 134-136
|z 9788080753559
|
| 852 |
|
|
|a SNK
|b KIS3GCP
|
| 958 |
|
|
|a NB
|
| 999 |
|
|
|c 2639613
|d 2641543
|